| 000 | 005190000a22001690004500 | ||
|---|---|---|---|
| 003 | MACL | ||
| 005 | 20160224155905.0 | ||
| 008 | 160224b xxu||||| |||| 00| 0 eng d | ||
| 040 |
_aMACL _cMACL |
||
| 041 | _aHindi | ||
| 082 | _a800 | ||
| 100 |
_aबिज्जी _940112 |
||
| 245 | _aबापू के तीन हत्यारे | ||
| 260 |
_bउमरदान देथा कुबेर प्रकाशन _c1952 _aजोधपुर |
||
| 650 |
_aLiteracture _939932 |
||
| 942 |
_cHIN _k800 _2ddc |
||
| 999 |
_c23111 _d23111 |
||